000 00772nam a2200217Ii 4500
003 JO-AjNU
008 230605s9999||||xx |||||||||||||| ||und||
017 _a2011/10/3684
020 _a978-9957-33-280-8
040 _aJO-AjNU
_bara
_erda
_cJO-AjNU
041 _aara
050 1 4 _aG155 2012
100 3 _aتاليف الفاعوري، اسامة صبحي ,
_eauthor
_950933
245 0 0 _aالجغرافيا السياحية ما بين النظرية والتطبيق
264 3 1 _aعمان: مؤسسة الوراق للنشر والتوزيع،2012
300 _a445ص
_bصور توضيحية
336 _atext
_btxt
_2rdacontent
337 _aunmediated
_bn
_2rdamedia
338 _avolume
_bnc
_2rdacarrier
650 4 _aالجغرافيا السياحية
_950934
999 _aA22467
_c26035
_d26035